[Event "FRA-chT "]
[Site "FRA"]
[Date "1994.??.??"]
[Round "1"]
[White "Kallai, Gabor"]
[Black "Lautier, Joel"]
[Result "1/2-1/2"]
[WhiteElo "2490"]
[BlackElo "2625"]

1.d4 d5 2.c4 c6 3.Nf3 Nf6 4.e3 Bf5 5.Nc3 e6 6.Bd3 Bg6 7.Ne5 Bxd3 8.Qxd3 Nbd7
9.Nxd7 Qxd7 10.a3 Be7 11.O-O O-O 12.h3 Rfd8 13.c5 b5 14.b4 a5 15.Bd2 axb4
16.axb4 Ra7 17.f3 Rda8 18.Rxa7 Rxa7 19.Rb1 Bd8 20.Qc2 Ra6 21.Rb2 Ra1+ 22.Rb1 Ra6
23.Rb2 Ra1+  1/2-1/2

[Event "Horgen CS"]
[Site "Horgen"]
[Date "1994.??.??"]
[Round "10"]
[White "Lautier, Joel"]
[Black "Lutz, Christopher"]
[Result "1/2-1/2"]
[WhiteElo "2645"]
[BlackElo "2580"]

1.d4 Nf6 2.c4 e6 3.Nc3 Bb4 4.Qc2 O-O 5.a3 Bxc3+ 6.Qxc3 b6 7.Bg5 c5 8.dxc5 bxc5
9.e3 d6 10.Bd3 Nbd7 11.Ne2 Rb8 12.Rd1 Ne4 13.Bxe4 Qxg5 14.Bc2 Qe7 15.O-O Rd8
16.Rd2 Bb7 17.Rfd1 Nf6 18.Qa5 Be4 19.Ba4 Ba8 20.f3 d5 21.Nc3 Ne8 22.Nb5 a6
23.Qxa6 Bb7 24.Qb6 Ra8 25.Nc3 Nd6 26.cxd5 Nc4 27.d6 Rxd6 28.Qxc5 Nxd2 29.Rxd2 Rd7
30.Qxe7 Rxe7 31.Kf2 g6 32.e4 Rc7 33.Rd4 Ba6 34.Rd6 Bc4 35.Rb6 Rd8 36.Ke1 Kg7
37.Bd1 h5 38.h4 Rdd7 39.Rb4 Kf6 40.a4 Ke5 41.a5 Rd8 42.Rb6 Ra8 43.b4 Rd8
44.Ba4 Rd3 45.Nb5  1/2-1/2

[Event "EUCup f"]
[Site "Lyon"]
[Date "1994.??.??"]
[Round "?"]
[White "Rozentalis, Eduardas"]
[Black "Lautier, Joel"]
[Result "1/2-1/2"]
[WhiteElo "2595"]
[BlackElo "2645"]

1.e4 e5 2.Nf3 Nc6 3.Bb5 a6 4.Bxc6 dxc6 5.O-O f6 6.d4 Bg4 7.c3 Bd6 8.Be3 Ne7
9.Nbd2 O-O 10.Qb3+ Kh8 11.Qxb7 Be6 12.Nb3 Bc4 13.dxe5 fxe5 14.Rad1 Rb8 15.Qa7 Ra8
16.Qb7 Rb8 17.Qa7 Ra8 18.Qb7 Rb8  1/2-1/2

[Event "Moscow ol (Men)"]
[Site "Moscow"]
[Date "1994.??.??"]
[Round "1"]
[White "Lautier, Joel"]
[Black "Taoubi, Nounir"]
[Result "1-0"]
[WhiteElo "2645"]
[BlackElo "2160"]

1.d4 Nf6 2.c4 d6 3.Nc3 g6 4.e4 Bg7 5.f3 O-O 6.Bg5 c5 7.d5 a6 8.a4 e6 9.Qd2 exd5
10.cxd5 Re8 11.Nge2 Qa5 12.Ra3 Nbd7 13.Nc1 Ne5 14.Be2 Qb4 15.N1a2 Qd4 16.Be3 Qxd2+
17.Kxd2 b6 18.b4 Nh5 19.g4 Nf6 20.h3 h5 21.Rb1 Ned7 22.bxc5 dxc5 23.Nc1 Nh7
24.Nd3 hxg4 25.hxg4 g5 26.Nb2 Be5 27.Nc4 Rb8 28.Rab3 Bf4 29.Nxb6 Ne5 30.Nc4 Rxb3
31.Rxb3 Nxc4+ 32.Bxc4 Nf8 33.Bxf4 gxf4 34.a5 Nd7 35.Na4 Ne5 36.Be2 Bd7 37.Nxc5  1-0

[Event "Moscow ol (Men)"]
[Site "Moscow"]
[Date "1994.??.??"]
[Round "2"]
[White "Rodriguez, Amador"]
[Black "Lautier, Joel"]
[Result "0-1"]
[WhiteElo "2430"]
[BlackElo "2645"]

1.e4 c5 2.Nf3 e6 3.d4 cxd4 4.Nxd4 Nf6 5.Nc3 Nc6 6.Ndb5 d6 7.Bf4 e5 8.Bg5 a6
9.Na3 b5 10.Bxf6 gxf6 11.Nd5 Bg7 12.g3 f5 13.exf5 Bxf5 14.Bg2 Be6 15.c3 O-O
16.Nc2 a5 17.a3 Rb8 18.O-O Kh8 19.Nce3 f5 20.f4 Ne7 21.Rf2 Ng6 22.Qh5 Qd7
23.Rd1 Qa7 24.Bh3 exf4 25.gxf4 b4 26.Bxf5 Bxf5 27.Nxf5 bxc3 28.bxc3 Rb2 29.Rf1 Bxc3
30.Nxc3 Nxf4 31.Qf3 Rxf5 32.Kh1 Nd3 33.Qxf5 Nxf2+ 34.Rxf2 Rxf2 35.Qc8+ Kg7
36.Qg4+ Kf8 37.Qc8+ Ke7 38.Nd5+ Kf7 39.Qh3 h6 40.Qd3 Kg7 41.Nf4 Qb7+ 42.Kg1 Rb2
43.Qg6+ Kf8 44.Qxd6+ Kg8 45.Qe6+ Qf7 46.Qe4 Qa7+ 47.Kh1 Qb7 48.Nd5 Rb1+ 49.Kg2 Qg7+
50.Kh3 Rb3+ 51.Ne3 a4 52.Qa8+ Qf8 53.Qd5+ Qf7 54.Qd8+ Kh7  0-1

[Event "Moscow ol (Men)"]
[Site "Moscow"]
[Date "1994.??.??"]
[Round "3"]
[White "Lautier, Joel"]
[Black "Timman, Jan H"]
[Result "0-1"]
[WhiteElo "2645"]
[BlackElo "2635"]

1.d4 Nf6 2.c4 e6 3.Nc3 Bb4 4.Qc2 d5 5.a3 Bxc3+ 6.Qxc3 Ne4 7.Qc2 Nc6 8.e3 e5
9.Nf3 Bf5 10.Bd3 exd4 11.O-O Bg6 12.exd4 O-O 13.b4 Re8 14.c5 a6 15.Bb2 Ng5
16.Ne5 Bxd3 17.Qxd3 Qf6 18.Rae1 Rad8 19.Qd1 Nxe5 20.dxe5 Qf5 21.f4 Ne4 22.Bd4 Re6
23.Re3 Rg6 24.Qe1 Rc8 25.Qe2 h5 26.Kh1 Ra8 27.Rd3 b6 28.Be3 b5 29.a4 bxa4
30.Ra1 Rb8 31.Rxa4 d4 32.Bxd4 Qxf4 33.Rf3 Qg4 34.Re3 Qd7 35.Ra2 Rxb4 36.Rxe4 Rxd4
37.Rxd4 Qxd4 38.Rd2 Qg4 39.Qxg4 Rxg4 40.Rd8+ Kh7 41.Rd7 Rc4 42.Kg1 Rxc5 43.Rxf7 Kg6
44.e6 a5 45.Rf8 Re5 46.Ra8 Kf6 47.Ra6 g5 48.Kf2 c5 49.Kf3 c4 50.Rc6 a4 51.Ra6 a3
52.g3 a2 53.h4 g4+ 54.Kf4 Re2  0-1

[Event "Moscow ol (Men)"]
[Site "Moscow"]
[Date "1994.??.??"]
[Round "5"]
[White "Lautier, Joel"]
[Black "Shirov, Alexei"]
[Result "1-0"]
[WhiteElo "2645"]
[BlackElo "2740"]

1.d4 Nf6 2.c4 g6 3.Nc3 Bg7 4.e4 d6 5.f3 O-O 6.Bg5 c5 7.d5 Qa5 8.a4 a6 9.Ra3 e6
10.Qd2 Qb4 11.Qc2 exd5 12.cxd5 Nbd7 13.Nh3 c4 14.Bd2 Ne5 15.Nf2 Qc5 16.Be2 Bd7
17.a5 b5 18.axb6 Qxb6 19.O-O Rab8 20.Rb1 Rfc8 21.Nd1 Nxd5 22.exd5 Bf5 23.Qc1 Bxb1
24.Qxb1 Qd4 25.Bc3 Qxd5 26.Rxa6 Qc5 27.Ra5 Rb5 28.b4 Qb6 29.Rxb5 Qxb5 30.Qa1 Bf8
31.Ne4 f5 32.Nd2 Nd3 33.Qa7 Re8 34.Kf1 Qd5 35.Ne3 Qf7 36.Qxf7+ Kxf7 37.Ndxc4 Nf4
38.Bd1 d5 39.Ne5+ Ke6 40.g3 Nh5 41.Ba4 Ra8 42.Bb3 Nf6 43.Nc6  1-0

[Event "Ubeda m"]
[Site "Ubeda"]
[Date "1994.??.??"]
[Round "1"]
[White "Lautier, Joel"]
[Black "Karpov, Anatoly"]
[Result "1/2-1/2"]
[WhiteElo "2645"]
[BlackElo "2780"]

1.d4 Nf6 2.c4 e6 3.g3 d5 4.Bg2 dxc4 5.Nf3 Nc6 6.O-O Rb8 7.Nc3 a6 8.e4 Be7
9.d5 Nb4 10.Ne5 Nd3 11.Nxd3 cxd3 12.Qxd3 e5 13.Qc2 Bd6 14.Na4 Qe7 15.b3 Bd7
16.Nb2 O-O 17.Nc4 Bb5 18.Bb2 Bxc4 19.Qxc4 c6 20.dxc6 Rbc8 21.Rac1 Rxc6 22.Qd3 Rxc1
23.Rxc1 Bc5 24.h3 Rd8 25.Qc2 b6 26.Rd1 Rxd1+ 27.Qxd1 a5 28.Bf3 g6 29.Kg2 Kg7
30.Qa1 Bd6 31.Qc1 Bc5 32.Qa1 Bd6 33.Qc1 Bc5 34.Qg5 Bd6  1/2-1/2

[Event "Ubeda m"]
[Site "Ubeda"]
[Date "1994.??.??"]
[Round "3"]
[White "Lautier, Joel"]
[Black "Karpov, Anatoly"]
[Result "1/2-1/2"]
[WhiteElo "2645"]
[BlackElo "2780"]

1.d4 Nf6 2.c4 e6 3.g3 d5 4.Bg2 dxc4 5.Nf3 Nc6 6.Qa4 Bd7 7.Qxc4 Na5 8.Qd3 c5
9.Ne5 Nc6 10.O-O cxd4 11.Bf4 Nh5 12.Nxc6 Bxc6 13.Bxc6+ bxc6 14.Be5 Nf6 15.Qxd4 Qxd4
16.Bxd4 Nd5 17.Rc1 Kd7 18.Nd2 f6 19.e4 Nc7 20.Nb3 e5 21.Be3 Ne6 22.Rc2 a5
23.Bb6 a4 24.Rd1+ Ke8 25.Nc1 c5 26.Nd3 Ra6 27.Bxc5 Rc6 28.Rdc1 Bxc5 29.Rc3 Bxf2+
30.Kxf2 Rxc3 31.Rxc3 Kf7 32.Ke3 Rd8 33.Rc4 h5 34.h4 Rd7 35.Nf2 Rd4 36.Rxd4 Nxd4
37.Nd1 a3 38.bxa3 Nc2+ 39.Kd3 Nxa3 40.Ne3 Ke6 41.Nc4 Nb5 42.a4 Nd4 43.a5 Kd7
44.a6 Nc6 45.Nb6+ Kc7 46.Nd5+ Kb8 47.Kc4 Ka7 48.Nc7 Nd4 49.Ne8 g5 50.Nxf6 gxh4
51.gxh4 Kxa6 52.Kd5 Nf3 53.Nxh5 Kb7 54.Ng7 Nxh4 55.Kxe5 Kc7 56.Nf5 Ng6+ 57.Kf6 Nf4
58.e5 Nd3  1/2-1/2

[Event "Ubeda m"]
[Site "Ubeda"]
[Date "1994.??.??"]
[Round "5"]
[White "Lautier, Joel"]
[Black "Karpov, Anatoly"]
[Result "0-1"]
[WhiteElo "2645"]
[BlackElo "2780"]

1.d4 Nf6 2.c4 e6 3.g3 d5 4.Bg2 dxc4 5.Nf3 Nc6 6.Qa4 Bd7 7.Qxc4 Na5 8.Qd3 c5
9.O-O Bc6 10.Rd1 c4 11.Qc2 Be4 12.Qa4+ Bc6 13.Qc2 Be4 14.Qd2 h6 15.Qe1 Nc6
16.Qf1 Bd5 17.Nc3 Bb4 18.Nxd5 exd5 19.Ne5 O-O 20.Be3 Rc8 21.f4 b5 22.a4 bxa4
23.Rxa4 a5 24.Raa1 Qb6 25.Bf2 Qb5 26.Bf3 a4 27.Qg2 c3 28.bxc3 Bxc3 29.Rac1 Bxd4
30.Nxc6 Bxf2+ 31.Qxf2 Rxc6 32.Rb1 Qa6 33.Qd4 a3 34.Ra1 Rfc8 35.Kf2 Rc2 36.Qd3 Qa7+
37.Qe3 Ra8 38.Qxa7 Rxa7 39.Ke1 Rc5 40.Ra2 g5 41.Rd3 Rca5 42.fxg5 hxg5 43.Rd4 Kf8
44.h4 g4 45.Bxg4 Ne4 46.Bf5 Nxg3 47.Bd3 Ke7 48.Rg4 Nh5 49.Kd2 Rc7 50.Rb4 Kd6
51.Rb3 Rca7 52.Rb4 Ng3 53.e3 f5 54.Kc3 Ne4+ 55.Bxe4 dxe4 56.Rb3 Rd5 57.Rb6+ Kc5
58.Rf6 Ra4  0-1

[Event "Belgrade Invest"]
[Site "Belgrade"]
[Date "1995.??.??"]
[Round "8"]
[White "Lautier, Joel"]
[Black "Ljubojevic, Ljubomir"]
[Result "1/2-1/2"]
[WhiteElo "2645"]
[BlackElo "2600"]

1.d4 e6 2.c4 b6 3.a3 Bb7 4.Nc3 d5 5.cxd5 exd5 6.g3 Nf6 7.Bg2 Be7 8.Nf3 O-O
9.O-O Nbd7 10.Bf4 Nh5 11.Be3 Nhf6 12.b4 Bd6 13.Qb3 c6 14.Ne1 a6 15.a4 Qe7
16.Nd3 b5 17.Bf4 Bxf4 18.Nxf4 Nb6 19.Nd3 Nxa4 20.Nxa4 bxa4 21.Qc2 a5 22.Rxa4 axb4
23.Rxb4 Ba6 24.Rb2 Bxd3 25.Qxd3 Rfc8 26.Rfb1 g6 27.Rb6 Kg7 28.Bf3 h5 29.h4 Rc7
30.Kg2 Ra4 31.Rc1 c5 32.dxc5 Rxc5 33.Rcb1 Qe5 34.Rb7 Rac4 35.Ra7 Rc7 36.Rbb7 Rxb7
37.Rxb7 Rc1 38.Qb3 Rc5 39.Qb6 Rc8 40.Qa7 Rf8 41.Rc7 Kg8 42.Qb7 Kg7 43.Re7 Qd6
44.Kf1 Kg8 45.Qc7 Qxc7 46.Rxc7 Rb8 47.Ke1 Ne4 48.Bxe4 dxe4 49.Kd2 Rb2+ 50.Ke3 f5
51.Rd7 Kf8 52.f3 exf3 53.exf3 Rg2 54.Kf4 Rg1 55.Rc7  1/2-1/2

[Event "Dos Hermanas"]
[Site "Dos Hermanas"]
[Date "1995.??.??"]
[Round "9"]
[White "Lautier, Joel"]
[Black "Illescas Cordoba, Miguel"]
[Result "0-1"]
[WhiteElo "2655"]
[BlackElo "2595"]

1.c4 e5 2.Nc3 Nc6 3.Nf3 Nf6 4.g3 Bb4 5.Bg2 O-O 6.O-O e4 7.Ng5 Bxc3 8.bxc3 Re8
9.f3 e3 10.d3 d5 11.Qb3 Na5 12.Qa3 c6 13.cxd5 cxd5 14.f4 Bg4 15.Re1 h6 16.Nf3 Nc6
17.Rb1 Qd7 18.d4 Bh3 19.Bh1 Nh5 20.Ne5 Nxe5 21.fxe5 Qg4 22.Bxe3 Nxg3 23.Bf3 Qg6
24.hxg3 Qxg3+ 25.Kh1 Bg4 26.Qc1 Qh3+ 27.Kg1 Qg3+ 28.Kh1 Re6 29.Bg2 Qh4+ 30.Kg1 Bh3
31.Bxh3 Rg6+ 32.Bg2 Qg3 33.Bg5 Rxg5 34.Qxg5 hxg5 35.Red1 Qxc3 36.Rxb7 Qc6
37.Rdb1 Qc4 38.R1b4 Qc1+ 39.Kf2 Qf4+ 40.Kg1 a5  0-1

[Event "Groningen"]
[Site "Groningen"]
[Date "1995.??.??"]
[Round "2"]
[White "Tiviakov, Sergei"]
[Black "Lautier, Joel"]
[Result "1/2-1/2"]
[WhiteElo "2655"]
[BlackElo "2645"]

1.e4 c5 2.Nf3 e6 3.c3 d5 4.exd5 exd5 5.d4 Nc6 6.Bb5 Bd6 7.dxc5 Bxc5 8.O-O Ne7
9.Nbd2 O-O 10.Nb3 Bb6 11.Re1 Nf5 12.Bd3 h6 13.Bc2 Qd6 14.Bxf5 Bxf5 15.Be3 Bg4
16.Bxb6 axb6 17.h3 Bh5 18.Qd3 Bxf3 19.Qxf3 Rfd8 20.Qe3 d4 21.cxd4 Nb4 22.Qe4 Qd5
23.Qxd5 Rxd5 24.Re7 Rxa2 25.Rxa2 Nxa2 26.Rxb7 Rb5 27.Nc5 Rxb2 28.Nd7 Nc3
29.Rb8+  1/2-1/2

[Event "Groningen"]
[Site "Groningen"]
[Date "1995.??.??"]
[Round "9"]
[White "Lautier, Joel"]
[Black "Sokolov, Ivan"]
[Result "0-1"]
[WhiteElo "2645"]
[BlackElo "2630"]

1.d4 d5 2.c4 c6 3.Nc3 dxc4 4.e4 b5 5.a4 b4 6.Na2 Nf6 7.f3 e5 8.Bxc4 Qxd4
9.Qc2 Bc5 10.Bg5 Ba6 11.Bb3 Be7 12.Ne2 Qb6 13.Ng3 h6 14.Bd2 g6 15.Rc1 Nfd7
16.Nf1 Nc5 17.a5 Qb7 18.Nxb4 Nxb3 19.Qxb3 c5 20.Qd5 cxb4 21.Qxe5 f6  0-1

[Event "Amber-rapid 4th"]
[Site "Monte Carlo"]
[Date "1995.??.??"]
[Round "1"]
[White "Ljubojevic, Ljubomir"]
[Black "Lautier, Joel"]
[Result "1/2-1/2"]
[WhiteElo "2580"]
[BlackElo "2655"]

1.d4 d5 2.c4 dxc4 3.Nf3 a6 4.e3 Nf6 5.Bxc4 e6 6.O-O c5 7.Qe2 b5 8.Bb3 Bb7
9.Rd1 Nbd7 10.Nc3 Qb6 11.Bd2 Be7 12.Be1 O-O 13.a3 Rfd8 14.dxc5 Nxc5 15.Bc2 Nce4
16.Rd4 Rxd4 17.Nxd4 Rc8 18.Rd1 Nxc3 19.Bxc3 Bxa3 20.Nb3 Be7 21.e4 b4 22.Bd4 Qc7
23.Bd3 a5 24.Ra1 e5 25.Be3 Bxe4 26.Bxe4 Nxe4 27.Rxa5 Rd8 28.h3 Qd6 29.Qc4 Nf6
30.Bc5 Qd1+ 31.Kh2 Bxc5 32.Rxc5 e4 33.Nd4 h6 34.Rc8 Rxc8 35.Qxc8+ Kh7 36.Qf5+ Kg8
37.Qc8+ Kh7 38.Qf5+ Kh8 39.Qc8+ Ng8 40.Nf5 Qd2 41.Qb8 Kh7 42.Qe5 Nf6 43.Nd6 Qxf2
44.Nxe4 Qh4 45.Qf5+ Kg8 46.Qc8+ Kh7 47.Qf5+ Kh8 48.Nxf6 gxf6 49.b3 Qd4 50.Qf3 Qc3
51.Qd1 Qe5+ 52.g3 Qb2+ 53.Kg1 Qc3 54.Kg2 Kh7 55.Qd5 Kg7 56.h4 Qe5 57.Qc4 Qc3
58.Qd5 Qb2+ 59.Kf3 Qb1 60.Qc4 Qd1+ 61.Ke3 Qe1+ 62.Kf3 h5 63.Qd3 Qh1+ 64.Kf4 Qc1+
65.Kf3 Qc5 66.Qe3 Qd5+ 67.Kf4 Qd6+ 68.Kf5 Qd7+ 69.Ke4 Qg4+ 70.Kd5 Qc8 71.Kd4 Qc6
72.Qd3 Qd6+ 73.Kc4 Qa6+ 74.Kd4 Qd6+ 75.Kc4 Qa6+ 76.Kd4  1/2-1/2

[Event "Amber-blind 4th"]
[Site "Monte Carlo"]
[Date "1995.??.??"]
[Round "1"]
[White "Lautier, Joel"]
[Black "Ljubojevic, Ljubomir"]
[Result "0-1"]
[WhiteElo "2655"]
[BlackElo "2580"]

1.d4 Nf6 2.c4 e6 3.g3 c5 4.Nf3 cxd4 5.Nxd4 Qc7 6.Nc3 a6 7.Bg2 Qxc4 8.Bg5 Nc6
9.Nb3 Bb4 10.O-O Bxc3 11.bxc3 Ne4 12.Nd2 Nxd2 13.Qxd2 d5 14.e4 dxe4 15.Rfe1 f5
16.Qd6 h6 17.Bf4 Qd5 18.Qa3 Qa5 19.Qd6 Kf7 20.Qd1 e5 21.Be3 Be6 22.Rb1 Qc7
23.Bb6 Qd7 24.Qa4 Ne7 25.Qa3 Rac8 26.Red1 Qc6 27.Ba5 Nd5 28.c4 Qxc4 29.Rxb7+ Kg6
30.Qd6 Qc6 31.Qxe5 Qxb7 32.Qxe6+ Nf6 33.g4 Qb5 34.Be1 Rhe8 35.gxf5+ Kh7 36.Qb3 Qxf5
37.h3 Red8 38.Rb1 Rd3 39.Qf7 Rcd8 40.Rb7 R8d7 41.Rxd7 Qxd7 42.Qc4 Rd1 43.Qc3 Qd3
44.Bf1 Qb1  0-1

[Event "Amber-rapid 4th"]
[Site "Monte Carlo"]
[Date "1995.??.??"]
[Round "5"]
[White "Lautier, Joel"]
[Black "Anand, Viswanathan"]
[Result "0-1"]
[WhiteElo "2655"]
[BlackElo "2715"]

1.d4 d5 2.c4 c6 3.Nc3 Nf6 4.e3 g6 5.Nf3 Bg7 6.Be2 O-O 7.O-O Be6 8.Qb3 Qb6
9.Bd2 dxc4 10.Bxc4 Qxb3 11.axb3 Bd5 12.Ne5 Bxc4 13.bxc4 Nfd7 14.Nd3 e5 15.d5 Nb6
16.b3 cxd5 17.cxd5 e4 18.Nf4 Na6 19.Ra5 Rfe8 20.Rd1 Rac8 21.Nb5 Red8 22.Be1 g5
23.Nh5 Rxd5 24.Rxd5 Nxd5 25.Nxg7 Kxg7 26.Nd6 Rc5 27.Nxe4 Rxa5 28.Bxa5 Kg6
29.Bd2 f5 30.Nc3 Nxc3 31.Bxc3 Kf7 32.Bd4 b6 33.Kf1 Ke6 34.Ke2 Kd5 35.Kd2 Nc5
36.Kc2 g4 37.f3 h5 38.Bf6 Nd7 39.Bg7 gxf3 40.gxf3 Ne5 41.Bxe5 Kxe5 42.Kc3 h4
43.Kc4 a6 44.h3 Ke6 45.Kd4 Kd6 46.Kc4 Ke5 47.Kc3 Kd5 48.Kb4 Kc6 49.Kc4 a5
50.Kd4 b5 51.Kc3 Kd5 52.Kd3 a4 53.b4 a3 54.Kc3 a2 55.Kb2 Kc4 56.Kxa2 Kd3
57.e4 fxe4 58.fxe4 Kxe4 59.Kb2 Kf3  0-1

[Event "Amber-rapid 4th"]
[Site "Monte Carlo"]
[Date "1995.??.??"]
[Round "9"]
[White "Lautier, Joel"]
[Black "Karpov, Anatoly"]
[Result "0-1"]
[WhiteElo "2655"]
[BlackElo "2780"]

1.d4 Nf6 2.c4 e6 3.Nc3 Bb4 4.Qc2 O-O 5.a3 Bxc3+ 6.Qxc3 b6 7.Bg5 Bb7 8.f3 d5
9.e3 Nbd7 10.cxd5 exd5 11.Bd3 Re8 12.Ne2 c5 13.O-O Qe7 14.Ng3 Rac8 15.Bf5 cxd4
16.Qxd4 Rc4 17.Qd2 Nc5 18.Rad1 h6 19.Bxf6 Qxf6 20.Bb1 Ne6 21.Ba2 Rc5 22.Ne2 Ba6
23.Rfe1 Bxe2 24.Rxe2 Rd8 25.Qd3 g6 26.Red2 d4 27.Bxe6 Qxe6 28.exd4 Rcd5 29.Qe4 Qf6
30.Kf2 Kg7 31.Rd3 a5 32.a4 b5 33.b3 bxa4 34.bxa4 Qc6 35.Ra3 Qd6 36.Re3 Qxh2
37.f4 Qh4+ 38.Kg1 Qf6 39.Red3 h5 40.Qe3 h4 41.Qe4 R8d6 42.R1d2 Rf5 43.Rf3 Re6
44.Qd3 Rxf4 45.d5 Qa1+ 46.Kh2 Rxf3 47.gxf3 Qe5+  0-1

[Event "PCA/Intel-GP"]
[Site "Paris"]
[Date "1995.??.??"]
[Round "2"]
[White "Lautier, Joel"]
[Black "Kortschnoj, Viktor"]
[Result "1/2-1/2"]
[WhiteElo "2645"]
[BlackElo "2635"]

1.d4 f5 2.g3 Nf6 3.Bg2 e6 4.c4 d5 5.Qc2 c6 6.Nh3 Be7 7.O-O O-O 8.Nd2 Bd7
9.Nf3 Qc8 10.Bg5 Be8 11.Nf4 Na6 12.a3 h6 13.Bxf6 Bxf6 14.e3 g5 15.Nd3 Bg6
16.Nfe5 Bh7 17.f4 Nc7 18.b4 Ne8 19.cxd5 Bxe5 20.Nxe5 cxd5 21.Rac1 Nd6 22.Qc7 Qd8
23.Qxd8 Rfxd8 24.Rc7 Rac8 25.Rfc1 Nc4 26.Rxc8 Rxc8 27.Nxc4 b5 28.Kf2 bxc4
29.Ke2 Bg6 30.Bf3 g4 31.Bg2 Be8 32.Kd2 a5 33.bxa5 Ra8 34.Rxc4 Rxa5 35.Rc3 Bb5
36.Ke1 Bc4 37.Bf1 Ra4 38.Bxc4 dxc4 39.Kd2 Kf7 40.e4 Ke7 41.exf5 exf5 42.Re3+ Kd6
43.Re5 Rxa3 44.Rxf5 Ra2+ 45.Kc3 Rxh2 46.Kxc4 Rc2+ 47.Kd3 Rg2 48.Ke4 Re2+  1/2-1/2

[Event "Biel SKA"]
[Site "Biel"]
[Date "1996.??.??"]
[Round "5"]
[White "Lautier, Joel"]
[Black "Portisch, Lajos"]
[Result "1/2-1/2"]
[WhiteElo "2620"]
[BlackElo "2600"]

1.c4 Nf6 2.Nc3 e5 3.Nf3 Nc6 4.g3 d5 5.cxd5 Nxd5 6.Bg2 Nb6 7.O-O Be7 8.a3 O-O
9.b4 Be6 10.Rb1 f6 11.d3 Nd4 12.Be3 c5 13.Ne4 Nxf3+ 14.Bxf3 cxb4 15.Nc5 Bd5
16.Bxd5+ Qxd5 17.axb4 Rfc8 18.Qd2 Bxc5 19.bxc5 Nd7 20.Rfc1 Rc7 21.Rc4 Rac8
22.Qa2 a6 23.Qb3 Qf7 24.Kg2 Qd5+ 25.Kg1 Qf7 26.Kg2 Qd5+ 27.f3 Qf7 28.Kf2 h5
29.Rh4 Qxb3 30.Rxb3 Rb8 31.Rxh5 Nxc5 32.Bxc5 Rxc5 33.Rb6 Rc6 34.Rxc6 bxc6
35.Rh4 a5 36.Rc4 Rb6 37.f4 exf4 38.gxf4 Kf7 39.e4 f5 40.e5 Ra6 41.Ra4 Ke6
42.Ke3  1/2-1/2

[Event "Biel SKA"]
[Site "Biel"]
[Date "1996.??.??"]
[Round "8"]
[White "Lautier, Joel"]
[Black "Glek, Igor V"]
[Result "1/2-1/2"]
[WhiteElo "2620"]
[BlackElo "2670"]

1.e4 e6 2.d4 d5 3.Nc3 Nf6 4.e5 Nfd7 5.f4 c5 6.Nf3 Nc6 7.Be3 a6 8.Qd2 b5 9.dxc5 Bxc5
10.Bxc5 Nxc5 11.Qf2 Qb6 12.Bd3 b4 13.Ne2 a5 14.O-O Ba6 15.b3 O-O 16.Kh1 Rfb8
17.Rad1 Ne4 18.Qh4 h6 19.f5 exf5 20.Nf4 Qd8 21.Qh5 Ne7 22.Nd4 g6 23.Qxh6 Qf8
24.Qh3 Qg7 25.e6 Qxd4 26.Bxe4 Qxe4 27.exf7+ Kg7 28.Rde1 Bxf1 29.Rxe4 dxe4
30.Qh4 Kxf7 31.Qh7+ Kf6 32.Qh4+ Kf7 33.Qh7+ Kf6 34.Qh4+  1/2-1/2

[Event "EU-ch Rapid-30'"]
[Site "Cap d`Agde"]
[Date "1996.??.??"]
[Round "?"]
[White "Lautier, Joel"]
[Black "Sokolov, Ivan"]
[Result "1-0"]
[WhiteElo "2620"]
[BlackElo "2670"]

1.e4 e5 2.Nf3 d6 3.d4 exd4 4.Nxd4 Nf6 5.Nc3 Be7 6.Bc4 O-O 7.O-O Nxe4 8.Nxe4 d5
9.Bd3 dxe4 10.Bxe4 Bf6 11.c3 Nd7 12.Bf4 Nb6 13.Qc2 g6 14.Rad1 Qe7 15.Rfe1 Qc5
16.b4 Qh5 17.Bxc7 Nc4 18.h3 Ne5 19.Qd2 Nc4 20.Qf4 Bg5 21.Qg3 Nb2 22.Rb1 Na4
23.Bc2 Bh4 24.Qd3 Bd7 25.Re5 Qh6 26.Nf3 Nxc3 27.Qxc3 Bf6 28.Qe3 Qxe3 29.Rxe3 Rfc8
30.Be5 Bxe5 31.Nxe5 Rxc2 32.Nxd7 Rxa2 33.Rc1 a5 34.bxa5 R8xa5 35.g4 b5 36.g5 b4
37.h4 Ra8 38.Rc7 Kg7 39.Nf6 Rd2 40.Rb7 Rd4 41.Ree7 Rf8 42.Re4 Rxe4 43.Nxe4 h6
44.Rxb4 Ra8 45.Kg2 Ra5 46.Rb7 Ra4 47.f3 hxg5 48.hxg5 Ra5 49.Kg3 Rd5 50.Kg4 Rd4
51.Kf4 Rd5 52.Nf6 Rf5+ 53.Kg4 Rc5 54.Rb1 Ra5 55.Rd1 Ra4+ 56.Ne4 Rb4 57.Rd8 Ra4
58.Kf4 Ra5 59.Nd6 Ra4+ 60.Kg3 Ra5 61.f4 Ra3+ 62.Kh4 Ra4 63.Kg4 Ra7 64.Rb8 Ra6
65.Ne8+ Kf8 66.Nc7+  1-0

[Event "FRA-chT"]
[Site "France"]
[Date "1996.??.??"]
[Round "?"]
[White "Lautier, Joel"]
[Black "Sulipa, Aleksandar"]
[Result "1-0"]
[WhiteElo "2630"]
[BlackElo "2430"]

1.c4 e5 2.Nc3 Nc6 3.Nf3 Nf6 4.g3 Bb4 5.Nd5 Bc5 6.d3 h6 7.Bg2 d6 8.e3 a6 9.O-O O-O
10.a3 Ba7 11.Nc3 Rb8 12.Qc2 Be6 13.b4 Qd7 14.Rd1 b5 15.Bb2 Bg4 16.Rd2 Rfc8
17.Rc1 Ne7 18.cxb5 axb5 19.d4 exd4 20.Nxd4 c5 21.Nb3 Qe6 22.Na5 Bh3 23.Bh1 d5
24.bxc5 Bxc5 25.Nb3 Ba7 26.Nd4 Qa6 27.Qd3 Rc4 28.Nc2 Bf5 29.Qf1 Ne4 30.Nxe4 Bxe4
31.Nb4 Qe6 32.Rcd1 Bxh1 33.Kxh1 Rd8 34.Qg2 Re4 35.Qf3 f5 36.Bd4 Bxd4 37.Rxd4 Rxd4
38.Rxd4 Ra8 39.Nxd5 Nxd5 40.Rxd5 Rxa3 41.Qxf5 Qxf5 42.Rxf5 b4 43.Rb5 Ra2
44.Kg2 Rb2 45.Rb7 Rb1 46.h4 Rb2 47.Kf3 Kf8 48.h5  1-0

[Event "FRA-chT"]
[Site "France"]
[Date "1996.??.??"]
[Round "?"]
[White "Lautier, Joel"]
[Black "Vaisser, Anatoli"]
[Result "1-0"]
[WhiteElo "2630"]
[BlackElo "2565"]

1.e4 e6 2.d4 d5 3.Nc3 Bb4 4.e5 Ne7 5.a3 Bxc3+ 6.bxc3 c5 7.Qg4 Qc7 8.Bd3 c4
9.Be2 Nf5 10.Nf3 Nc6 11.Qh5 h6 12.g4 Nfe7 13.Ng5 Ng6 14.Nh3 Qa5 15.Bd2 Bd7
16.f4 Nge7 17.Ng5 Rf8 18.Nf3 O-O-O 19.O-O Qa4 20.Ra2 Rh8 21.Qh3 f5 22.Nh4 Qa5
23.Bc1 Rdg8 24.gxf5 exf5 25.Ng2 g5 26.a4 Ng6 27.Bh5 Nd8 28.Kh1 Ne6 29.Ra1 Qd8
30.a5 Rg7 31.a6 b6 32.Qf3 Nc7 33.Ba3 g4 34.Qg3 Ne7 35.Ne3 Be6 36.Qg2 Rhg8
37.Bd6 Qd7 38.Rfb1 Qc6 39.Rb4 Kd7 40.Rbb1 Nb5 41.Bb4 Ng6 42.Qg3 Qc8 43.Rf1 Kc7
44.h3 gxh3 45.Rg1 Qe8 46.Raf1 Kc8 47.Qxh3 Qd7 48.Rg2 Nc7 49.Qh2 Nxa6 50.Rfg1 Nxb4
51.cxb4 Nf8 52.Bf3 Ng6 53.c3 Qf7 54.Bh5 Qe8 55.Rg3 Kd8 56.R1g2 Qa4 57.Bxg6 Qa1+
58.Rg1 Qxc3 59.Nxf5 Qxg3 60.Nxg3 Rxg6 61.f5 Bxf5 62.Nxf5 Rxg1+ 63.Qxg1 Rxg1+
64.Kxg1 a5 65.bxa5 bxa5 66.Ne3 c3 67.Kf2 a4 68.Nc2 Ke7 69.Ke3 Kf7 70.Kd3  1-0

[Event "FRA-chT"]
[Site "France"]
[Date "1996.??.??"]
[Round "?"]
[White "Legky, Nikolay A"]
[Black "Lautier, Joel"]
[Result "0-1"]
[WhiteElo "2510"]
[BlackElo "2630"]

1.d4 d5 2.c4 dxc4 3.e3 e5 4.Bxc4 exd4 5.exd4 Bd6 6.Nf3 Nf6 7.O-O O-O 8.Nc3 Nc6
9.h3 h6 10.a3 Bf5 11.Re1 a6 12.Ne5 Bxe5 13.dxe5 Qxd1 14.Nxd1 Nd7 15.e6 fxe6
16.Bf4 Nb6 17.Ba2 Nd5 18.Bxd5 exd5 19.Ne3 d4 20.Nxf5 Rxf5 21.Bxc7 Rc8 22.Bg3 a5
23.Rac1 Kf7 24.Kf1 Rb5 25.Re2 Rd8 26.Rd2 Rdd5 27.Ke2 Rb3 28.a4 Rb4 29.Ra1 Ke6
30.Kd3 Rc5 31.Ra3 Rc1 32.f4 Kd5 33.f5 Rb1 34.Ra2 Rc4 35.Ke2 Ke4 36.Ra3 Nb4
37.Rf3 d3+ 38.Kf2 Rc2 39.Rf4+ Kd5 40.Ke3 Rbxb2 41.Rd4+ Kc6 42.Rd1 Rc3 43.Rg4 Nd5+
44.Kf3 d2+ 45.Ke2 Re3+ 46.Kf2 Nc3 47.Rc4+ Kd5 48.Rxd2+ Rxd2+ 49.Kxe3 Kxc4  0-1

[Event "Amber-blind 5th"]
[Site "Monte Carlo"]
[Date "1996.??.??"]
[Round "6"]
[White "Xie Jun"]
[Black "Lautier, Joel"]
[Result "1/2-1/2"]
[WhiteElo "2530"]
[BlackElo "2630"]

1.e4 c5 2.Nf3 e6 3.d4 cxd4 4.Nxd4 Nf6 5.Nc3 Nc6 6.Ndb5 d6 7.Bf4 e5 8.Bg5 a6
9.Na3 b5 10.Bxf6 gxf6 11.Nd5 Bg7 12.c3 f5 13.exf5 Bxf5 14.Nc2 Be6 15.g3 O-O
16.Bg2 a5 17.O-O f5 18.Qh5 b4 19.Nce3 Rb8 20.g4 Bf7 21.Qxf5 Bg6 22.Qe6+ Bf7
23.Qf5 Bg6 24.Qe6+ Bf7  1/2-1/2

[Event "Amber-rapid 5th"]
[Site "Monte Carlo"]
[Date "1996.??.??"]
[Round "6"]
[White "Lautier, Joel"]
[Black "Xie Jun"]
[Result "0-1"]
[WhiteElo "2630"]
[BlackElo "2530"]

1.d4 Nf6 2.c4 g6 3.Nc3 Bg7 4.e4 d6 5.f3 O-O 6.Bg5 c5 7.d5 e6 8.Qd2 exd5 9.cxd5 a6
10.Nge2 Nbd7 11.Ng3 b5 12.Be2 c4 13.O-O Nc5 14.Kh1 Re8 15.Qf4 Qe7 16.Qh4 Ncd7
17.Qf4 Qf8 18.Qd2 h5 19.Rfe1 Rb8 20.Rac1 Nc5 21.Be3 Nfd7 22.Nf1 Bb7 23.Nd1 Rbc8
24.Nf2 Na4 25.Bd4 Bxd4 26.Qxd4 Qg7 27.Qxg7+ Kxg7 28.Rc2 Ndc5 29.Rb1 Nb6 30.b3 cxb3
31.axb3 Nxe4 32.Rxc8 Nxf2+ 33.Kg1 Rxc8 34.Kxf2 Nxd5 35.Rd1 Rc2 36.Rd4 Rb2
37.Nd2 f5 38.Ke1 Kf6 39.f4 Ke6 40.g3 Nc3 41.Rd3 Nxe2 42.Kxe2 Be4 43.Rd4 d5
44.b4 Ra2 45.Ke3 Kd6 46.h3 a5 47.bxa5 Ra3+  0-1

[Event "Amber-rapid 5th"]
[Site "Monte Carlo"]
[Date "1996.??.??"]
[Round "8"]
[White "Lautier, Joel"]
[Black "Ljubojevic, Ljubomir"]
[Result "1-0"]
[WhiteElo "2630"]
[BlackElo "2600"]

1.e4 c5 2.Nc3 g6 3.g3 Bg7 4.Bg2 Nc6 5.Nge2 Rb8 6.O-O b5 7.a3 e6 8.b4 a5 9.Rb1 axb4
10.axb4 cxb4 11.Na2 Qa5 12.Bb2 e5 13.Nac1 Qb6 14.Nb3 Nge7 15.d4 d6 16.Qd2 O-O
17.d5 Na5 18.Nxa5 Qxa5 19.Ra1 Qc7 20.Qxb4 f5 21.Nc3 fxe4 22.Nxe4 Rb6 23.Qb3 Bf5
24.Bc3 Bxe4 25.Bxe4 Qd7 26.Ra5 Nf5 27.Rfa1 Rb7 28.Ra8 Rc7 29.Rxf8+ Bxf8 30.Ra8 Rc4
31.Bd3 Rc5 32.Qa3 Rxd5 33.Rxf8+  1-0